Cornelia Sorabji: India's pioneer woman lawyer: (Record no. 53090)

MARC details
000 -LEADER
fixed length control field 00537naa a2200157 4500
005 - DATE AND TIME OF LATEST TRANSACTION
control field 20180522155305.0
020 ## - INTERNATIONAL STANDARD BOOK NUMBER
International Standard Book Number 978019567924
Terms of availability 295.00
037 ## - SOURCE OF ACQUISITION
Source of stock number/acquisition Oxford University Press
100 ## - MAIN ENTRY--PERSONAL NAME
Personal name Gooptu, Suparna
245 ## - TITLE STATEMENT
Title Cornelia Sorabji: India's pioneer woman lawyer:
Remainder of title a biography /
Statement of responsibility, etc by Suparna Gooptu
260 ## - PUBLICATION, DISTRIBUTION, ETC. (IMPRINT)
Place of publication, distribution, etc New Delhi
Name of publisher, distributor, etc Oxford University Press
Date of publication, distribution, etc 2011
270 ## - ADDRESS
Address YMCA Library Building, Jai Singh Road
City New Delhi
Postal code 110001
300 ## - PHYSICAL DESCRIPTION
Extent xxvii, 241p
Dimensions 22cm (Hb)
Other physical details b&w photos
500 ## - GENERAL NOTE
General note Includes index
942 ## - ADDED ENTRY ELEMENTS (KOHA)
Source of classification or shelving scheme Dewey Decimal Classification
Item type English Books
Call number suffix GOO
Holdings
Withdrawn status Lost status Not for loan Home library Current library Date acquired Cost, normal purchase price Full call number Cost, replacement price Koha item type
      Andrews Gunj Andrews Gunj 23/06/2011 295.00 GOO 295.00 English Books

© Delhi Public Library
Hit Counter
free hit counter